000 00294nam a2200109Ia 4500
008 230907s9999||||xx |||||||||||||| ||und||
082 _a621.69
_bBLO
100 _aBloch, Heiz
_9118044
245 _aPump user's handbook: life extension /
_cHeiz Bloch.
260 _c2019-09-27
942 _2ddc
_cEB
999 _c599663
_d599663